000 00812nam a22001937a 4500
999 _c59793
_d59793
003 Ge_BSU
005 20230419121834.0
008 230419s1998 ge ||||| |||| 00| 0 geo d
041 _ageo
080 _a739.1(479.22) ყ-56
100 _aყიფიანი, გურამ
_913514
245 _aსატაძრო თემატიკა ძველი ქართული ოქრომჭედლობის ნიმუშებში /
_cგურამ ყიფიანი.
264 _aთბილისი,
_c 1998.
300 _a40 გვ. :
_bილ. ;
_c20 სმ.
500 _aთავფურც. ქართ. და რუს. ენ.
520 _aრეზ. რუს. ენ.
653 _aქართული ოქრომჭედლობა.
942 _2udc
_cBK